000 00924nam a22003257c 4500
001 5764226
003 DO-SdBNP
005 20180221135601.0
007 5764226
008 160302s1992 sp a 000 spa
017 _a
_b
020 _a8434817764
040 _aBPMSU
_bspa
_cBPMSU
_e
080 _a
100 1 _aVázquez Vigo, Carmen
_4
245 1 0 _aPor arte de magia /
_cCamén Vázquez Vigo ; ilustraciones Alfonso Ruano
_p
250 _a10a ed.
260 _aMadrid :
_bSM,
_c1992
300 _a88 p.:
_bil.,
_c21 cm
336 _aTexto (visual)
_2isbdcontent
337 _asin mediación
_2isbdmedia
490 0 _aEl barco de vapor
_aSerie azul
_v12
500 _a
521 _aA partir de 7 años.
700 1 _aRuano, Alfonso
_eil.
830 0 _aEl barco de vapor
_v20
_pSerie azul
942 _2ddc
_cBK
945 _aInventariado, 2018/ YL
956 _aVMATEO
_210
_320160405
_6BPMSU
_80069
999 _c9559
_d9559